000 00991nam a2200229 u 4500
001 000234309
003 AM-YeHGA
005 20250618071601.0
008 030612s1992 ai b|||gr|||||||||0|arm|d
020 _a5540015215
040 _aAM-YeHGA
041 0 _aarm
245 1 0 _aԱխալցխայի և Ախալքալաքի գավառների 1918-ի ինքնապաշտպանությունը /
_cԱ.Ս. Սանոսյան; Գրախոս.՝ Ա.Ա. Մելքոնյան; Խմբ.՝ Գ.Ռ. Կնյազյան.
260 _aԵրևան :
_bՀայաստան,
_c1992.
300 _a208 էջ :
_bքարտեզ ;
_c20 սմ.
504 _aՏողատակի մատենագիտ. ծանոթագր. հայ. և ռուս. լեզուներով
650 1 4 _aՊատմություն
_xԱզատագրական շարժում
_zՋավախք
700 1 _aՄելքոնյան, Աշոտ Աղասու,
_d1961-
_eգրախոս.
_4rev
_93429
700 1 _aԿնյազյան, Գ.Ռ.
_eխմբ.
_4edt
942 _2udc
_cBK
090 _c84036
999 _c82763
_d82763